01408nam a2200253Ia 4500952010000000952010000100952010000200999001700300008004100317020001500358050001900373100002900392245005100421250002000472260003100492300001800523500015000541505030900691519003901000650001601039650005001055650003701105942001201142 00102lcc4070a01b01d2022-09-23l0oBD25 S38 2004p16 001940r2023-07-12t1w2022-09-23yLB 00102lcc4070a01b01d2022-09-23l0oBD25 S38 2004p16 001941r2023-07-12t2w2022-09-23yLB 00102lcc4070a01b01d2022-09-23l0oBD25 S38 2004p16 001942r2023-07-12t3w2022-09-23yLB c71589d71589120626s2004 mx 000 0 spa d a8434411857 aBD25bS38 2004 aSavater, Fernandodautor aLas preguntas de la vidac/ Fernando, Savater a10a. edición  aEspaña b: Arielc, 2004 a286 páginas aIncluye: Índice, Advertencia previa (pp.11 - 13), Epílogo (pp. 265 - 280), Despedida (p. 281), Principales estrellas invitadas (pp. 283- 286) aI. El porqué de la filosofía II. La muerte para empezar III. Yo adentro, yo afuera IV. El animal simbólico V. El universo y sus alrededores VI. La libertad en acción VII. Artificiales por naturaleza VIII. Vivir juntos IX. El escalofrío de la belleza X. Perdidos en el tiempo  aMaterial complementariod16 001940 aFILOSOFÍA aANTROPOLOGÍA FILOSOFICAxLITERATURA JUVENIL aMETAFÍSICAxLITERATURA JUVENIL cLB2lcc